En marcha : Novela social argentina. /
Guardado en:
| Autor Principal: | |
|---|---|
| Formato: | Libro |
| Idioma: | Undetermined |
| Publicado: |
Buenos Aires :
Editorial Claridad,
[s.d.]
|
| Materias: | |
| Etiquetas: |
Agregar Etiqueta
Sin Etiquetas, Sea el primero en etiquetar este registro!
|
| LEADER | 00505nam a22001575a 4500 | ||
|---|---|---|---|
| 001 | EHU.bham048839 | ||
| 005 | 20111102110126.0 | ||
| 008 | 111102s1936####ag############000#0#und#d | ||
| 100 | 1 | |a Newton, Jorge. | |
| 245 | 0 | 0 | |a En marcha : |b Novela social argentina. / |c Jorge Newton. |
| 260 | |a Buenos Aires : |b Editorial Claridad, |c [s.d.] | ||
| 300 | |a 175 p. | ||
| 653 | |a Literatura. | ||
| 653 | |a Escritores argentinos. | ||
| 653 | |a Realismo social. | ||
| 859 | |a AR-BHAM |b BIB. HUMANIDADES - Donacion Lejarraga |h MFN003058 |p 003058.19 | ||
